000 01270nam a22003857a 4500
003 OSt
005 20230424083041.0
008 221006b |||||||| |||| 00| 0 eng d
040 _cBiblioteca Lado V
082 _a700
_bC837a
100 _9316
_aCosta Peuser, Diego
_eeditor
245 _aArte al dia/
_bInternacional/
260 _bBoca Raton Museum of Art
_c2002
_aArgentina
300 _c20x28cm
_a130p.
490 _v2006
_x0326 4807
_a93
505 _tWifredo Lam
505 _tJesus Soto
505 _tManuel Alvares Bravo
505 _tDiego Hernandez
505 _tFelipe Herrera
505 _tRoger Mantegani
505 _tPedro Vizcaino
505 _tEduardo Navarro
505 _tVeronica Riedel
505 _tMoises Castillo
505 _t41 Latin American Artist
650 _2Tesauro de Arte & Arquitectura
_aARTE
_9703
650 _2Tesauro de Arte & Arquitectura
_aARTE CONTEMPORANEO
650 _2Tesauro de Arte & Arquitectura
_aCULTURA
650 _2Tesauro de Arte & Arquitectura
_aARTE LATINOAMERICANO
650 _2Tesauro de Arte & Arquitectura
_aTEORIA
650 _2Tesauro de Arte & Arquitectura
_aCRITICA
650 _2Tesauro de Arte & Arquitectura
_aARGENTINA
942 _2ddc
_c1
_h700
_iC837a
_n0
999 _c3447
_d3447